Équipe de la Suisse pour la coupe du monde 2026 - Statistiques

Statistiques générales
  • Ce quiz a été pris 8 fois
  • Le résultat moyen est 13 sur 26
Statistiques - réponses
nom % Correct
Breel Embolo
100%
Gregor Kobel
100%
Dan Ndoye
71%
Granit Xhaka
71%
Manuel Akanji
71%
Ricardo Rodriguez
71%
Denis Zakaria
57%
Michel Aebischer
57%
Nico Elvedi
57%
Yvon Mvogo
57%
Fabian Rieder
43%
Johan Manzambi
43%
Luca Jaquez
43%
Marvin Keller
43%
Noah Okafor
43%
Remo Freuler
43%
Ruben Vargas
43%
Silvan Widmer
43%
Zeki Amdouni
43%
Ardon Jashari
29%
Aurèle Amenda
29%
Christian Fassnacht
29%
Djibril Sow
29%
Miro Muheim
29%
Cédric Itten
14%
Eray Cömert
0%
Aucun quiz correspondant
Distribution des résultats
% des personnes avec chaque résultat
Percentile par nombre de réponses
Votre historique - résultats
Vous n’avez pas pris ce quiz